Einfluss des Fortschritts auf die Menschheit bakalárska práca

Saved in:
Bibliographic Details
Main Author: Halondžiak, Juraj
Corporate Author: Fakulta aplikovaných jazykov EU v Bratislave. Katedra jazykovedy a translatológie
Other Authors: Pospíšilová, Jana, 1950-
Format: Book
Language:German
Published: Bratislava 2015
Tags: Add Tag
No Tags, Be the first to tag this record!

MARC

LEADER 00000nbm a2200000 4500
001 0202046
005 20161212094235.5
041 0 |a ger 
044 |a SK 
245 1 0 |a Einfluss des Fortschritts auf die Menschheit  |b bakalárska práca  |c Juraj Halondžiak ; školiteľ: Jana Pospíšilová 
264 1 |a Bratislava  |c 2015 
300 |a 44 s. 
100 1 |a Halondžiak, Juraj 
700 1 |a Pospíšilová, Jana, 1950- 
710 2 |a Fakulta aplikovaných jazykov EU v Bratislave. Katedra jazykovedy a translatológie